000 00745nam a2200205Ia 4500
003 GCL
008 140319s9999 xx 000 0 ara d
040 _aGCL /
_cGCL
082 0 4 _a928.24
_bع ب
100 1 _aعباس محمود العقاد
245 1 0 _aبرناردشو (هدية من الاديب عبدالفتاح الجمل) /
_cعباس محمود العقاد
260 _aالقاهرة :
_bدار المعارف للطباعة والنشر ،
_c1950
300 _a188 ص ؛
_c17 سم
490 _aاقرأ
_v89
650 0 4 _aالادب الانجليزى
650 0 4 _aالادباء الانجليزيون
650 0 4 _aبرناردشو
650 0 4 _aالادب الانجليزى - تاريخ ونقد
942 _2ddc
_cBK
999 _c41100
_d41100